Statistiques concernant Pays de l'Empire suédois

Cliquez ici pour prendre le quiz!

Statistiques générales

  • Ce quiz a été pris 14 814 fois
  • Le résultat moyen est 11 sur 13

Statistiques - réponses

Pays% Correct
Finlande
98%
Norvège
98%
Danemark
97%
Russie
95%
Allemagne
94%
Estonie
93%
Lettonie
93%
Lituanie
93%
Pologne
92%
Suède
86%
France
77%
États-Unis
38%
Ghana
11%

Distribution des résultats

Percentile par nombre de réponses

% des personnes avec chaque résultat

Votre développement - résultats

Vous n’avez pas pris ce quiz